[Event "ESP-ch Amateurs U2000"]
[Site "Murcia"]
[Date "2022.09.01"]
[Round "4.9"]
[White "Gomez Gandolfo, Ruben"]
[Black "Nazarov, Alexander"]
[Result "0-1"]
[WhiteElo "1867"]
[BlackElo "1976"]
[PlyCount "100"]
[EventDate "2022.08.30"]
[EventType "swiss"]
[EventRounds "7"]
[EventCountry "ESP"]
[SourceTitle "EXT 2024"]
[Source "ChessBase"]
[SourceDate "2023.10.10"]
[SourceVersion "1"]
[SourceVersionDate "2023.10.10"]
[SourceQuality "1"]

1. d4 d5 2. Bf4 Nf6 3. e3 e6 4. Bd3 c5 5. c3 Nc6 6. Nf3 Nh5 7. Bg5 f6 8. Ne5 Nxe5 9. dxe5 g6 10. exf6 Nxf6 11. Qa4+ Bd7 12. Qh4 Kf7 13. Nd2 Be7 14. Nf3 Qc7 15. Bf4 Bd6 16. Qg3 Bxf4 17. exf4 Kg7 18. Ne5 Nh5 19. Qg4 Be8 20. g3 Rf8 21. Qxe6 Rxf4 22. 0-0-0 Bf7 23. Nxf7 Qxf7 24. Qe5+ Rf6 25. Bb5 a6 26. g4 Kg8 27. Ba4 Nf4 28. h4 Re6 29. Qg5 Rf8 30. h5 Qf6 31. Qxf6 Rfxf6 32. g5 Rf7 33. hxg6 hxg6 34. Rh2 Re5 35. Rdh1 Rxg5 36. Be8 Re7 37. Rh8+ Kg7 38. R1h7+ Kf6 39. Rf8+ Ke6 40. Rxf4 Rxh7 41. Kd2 Re7 42. Ba4 Ke5 43. Rf3 Rf5 44. Rg3 Rxf2+ 45. Ke3 Rxb2 46. a3 Kf6+ 47. Kf3 Ra2 48. Bd1 Rxa3 49. Kg2 Re5 50. Kh3 d4 0-1

[Event "Alicante IM"]
[Site "Alicante"]
[Date "2021.07.11"]
[Round "9"]
[White "Nazarov, Alexander"]
[Black "Bendayan Claros, Aaron Arturo"]
[Result "0-1"]
[WhiteElo "1960"]
[BlackElo "2167"]
[PlyCount "66"]
[EventDate "2021.07.05"]
[EventType "tourn"]
[EventRounds "9"]
[EventCountry "ESP"]
[EventCategory "1"]
[SourceTitle "EXT 2022"]
[Source "ChessBase"]
[SourceDate "2021.10.06"]
[SourceVersion "1"]
[SourceVersionDate "2021.10.06"]
[SourceQuality "1"]

1. d4 Nf6 2. c4 e6 3. g3 d5 4. Bg2 Bb4+ 5. Bd2 Be7 6. Nf3 c6 7. b3 0-0 8. 0-0 Nbd7 9. Nc3 b6 10. e3 Ba6 11. Qe2 c5 12. Nb5 Bxb5 13. cxb5 Ne4 14. Bc1 Bf6 15. Bb2 Qc7 16. Rfc1 Rac8 17. Rc2 Qb8 18. Rac1 Rfe8 19. Rd1 h6 20. Rdc1 Rcd8 21. Bh3 Be7 22. Ne5 Nxe5 23. dxe5 f5 24. exf6 Bxf6 25. Bxf6 Nxf6 26. Bg2 Rd7 27. Rd2 Red8 28. Rcd1 Qe5 29. f4 Qc7 30. e4 dxe4 31. Rxd7 Rxd7 32. Rxd7 Qxd7 33. Bxe4 Qd4+ 0-1

[Event "Alicante IM"]
[Site "Alicante"]
[Date "2021.07.10"]
[Round "7"]
[White "Campos Gambuti, Luis Maria"]
[Black "Nazarov, Alexander"]
[Result "1-0"]
[WhiteElo "2357"]
[BlackElo "1960"]
[PlyCount "75"]
[EventDate "2021.07.05"]
[EventType "tourn"]
[EventRounds "9"]
[EventCountry "ESP"]
[EventCategory "1"]
[SourceTitle "EXT 2022"]
[Source "ChessBase"]
[SourceDate "2021.10.06"]
[SourceVersion "1"]
[SourceVersionDate "2021.10.06"]
[SourceQuality "1"]

1. e4 c5 2. Nf3 d6 3. Bb5+ Nd7 4. d4 cxd4 5. Qxd4 a6 6. Bxd7+ Bxd7 7. Nc3 Nf6 8. Bg5 e6 9. 0-0-0 h6 10. Bxf6 gxf6 11. Rhe1 Rc8 12. Kb1 Rc6 13. Qd3 b5 14. Nd4 Rc5 15. Nf5 Rg8 16. Nxd6+ Bxd6 17. Qxd6 Qc7 18. g3 b4 19. Qxc7 Rxc7 20. Ne2 Rg5 21. Nf4 Re5 22. Rd2 a5 23. Nd3 Rb5 24. e5 fxe5 25. Rxe5 Ke7 26. b3 f6 27. Rxb5 Bxb5 28. Kb2 h5 29. Nf4 Rc5 30. a3 Be8 31. axb4 axb4 32. Re2 e5 33. Nd3 Rb5 34. Re4 Bg6 35. Rc4 Bxd3 36. cxd3 Kf7 37. Kc2 Kg6 38. Kd2 1-0

[Event "Alicante IM"]
[Site "Alicante"]
[Date "2021.07.10"]
[Round "6"]
[White "Nazarov, Alexander"]
[Black "Granero Roca, Antonio"]
[Result "0-1"]
[WhiteElo "1960"]
[BlackElo "2369"]
[PlyCount "74"]
[EventDate "2021.07.05"]
[EventType "tourn"]
[EventRounds "9"]
[EventCountry "ESP"]
[EventCategory "1"]
[SourceTitle "EXT 2022"]
[Source "ChessBase"]
[SourceDate "2021.10.06"]
[SourceVersion "1"]
[SourceVersionDate "2021.10.06"]
[SourceQuality "1"]

1. d4 Nf6 2. c4 c5 3. d5 b5 4. Qc2 g6 5. e4 d6 6. h3 Bg7 7. cxb5 a6 8. a4 0-0 9. Nf3 axb5 10. Bxb5 Na6 11. Bd2 Nc7 12. Bc6 Rb8 13. 0-0 e6 14. Nc3 exd5 15. exd5 Bf5 16. Qc1 Bd7 17. Rd1 Qc8 18. Bf4 Nfe8 19. Ra3 Rb4 20. Ra2 Bxc6 21. dxc6 Qe6 22. Bh6 d5 23. Bxg7 Kxg7 24. Nxd5 Nxd5 25. Qxc5 Nec7 26. Nd4 Qe4 27. Nb5 Nf4 28. f3 Qe2 29. Qc3+ Kg8 30. Qd2 Qxd2 31. Rxd2 Nxb5 32. axb5 Rxb5 33. Ra4 Ne6 34. Rc4 Rc8 35. b4 Kf8 36. Rd7 Rb6 37. Rb7 Rcxc6 0-1

[Event "Alicante IM"]
[Site "Alicante"]
[Date "2021.07.06"]
[Round "2"]
[White "Nazarov, Alexander"]
[Black "Luque Saiz, Andres"]
[Result "0-1"]
[WhiteElo "1960"]
[BlackElo "2131"]
[PlyCount "94"]
[EventDate "2021.07.05"]
[EventType "tourn"]
[EventRounds "9"]
[EventCountry "ESP"]
[EventCategory "1"]
[SourceTitle "EXT 2022"]
[Source "ChessBase"]
[SourceDate "2021.10.06"]
[SourceVersion "1"]
[SourceVersionDate "2021.10.06"]
[SourceQuality "1"]

1. d4 d5 2. c4 c6 3. Nc3 Nf6 4. Nf3 dxc4 5. a4 Bf5 6. e3 e6 7. Bxc4 Bb4 8. 0-0 Nbd7 9. Na2 Bd6 10. b4 0-0 11. Bb2 Qe7 12. Bd3 Bg4 13. Be2 Rfd8 14. h3 Bh5 15. Qb3 Ne4 16. Rfe1 Bxf3 17. Bxf3 Nd2 18. Qd1 Nxf3+ 19. Qxf3 Nb6 20. a5 Nd5 21. Ba3 e5 22. e4 Nf6 23. dxe5 Bxe5 24. Rad1 Qe6 25. Nc1 Qc4 26. Qb3 Qxb3 27. Nxb3 Nxe4 28. Kf1 Rxd1 29. Rxd1 Nf6 30. Nc5 b6 31. Nd7 Rd8 32. Nxf6+ Bxf6 33. Rxd8+ Bxd8 34. axb6 Bxb6 35. Bb2 f6 36. Ke2 Kf7 37. f4 Ke6 38. Kd3 Kf5 39. Bc1 h5 40. Bd2 Bc7 41. g3 Bb6 42. g4+ hxg4 43. hxg4+ Kxg4 44. Kc4 Kf5 45. b5 cxb5+ 46. Kxb5 g5 47. fxg5 fxg5 0-1

[Event "La Nucia Blitz op"]
[Site "La Nucia"]
[Date "2020.10.31"]
[Round "1"]
[White "Nazarov, Alexander"]
[Black "Tejedor Fuente, Enrique"]
[Result "0-1"]
[WhiteElo "1903"]
[BlackElo "2521"]
[PlyCount "40"]
[EventDate "2020.10.31"]
[EventType "swiss (blitz)"]
[EventRounds "8"]
[EventCountry "ESP"]
[SourceTitle "EXT 2023"]
[Source "ChessBase"]
[SourceDate "2022.10.05"]
[SourceVersion "1"]
[SourceVersionDate "2022.10.05"]
[SourceQuality "1"]

1. d4 d5 2. c4 e6 3. Nc3 Nf6 4. Nf3 dxc4 5. e4 Bb4 6. e5 Nd5 7. Bd2 c5 8. dxc5 Nxc3 9. Bxc3 Bxc3+ 10. bxc3 Nd7 11. Bxc4 Nxc5 12. Qxd8+ Kxd8 13. 0-0-0+ Ke7 14. Rd4 Bd7 15. Rhd1 Rac8 16. h4 Rc7 17. Kb1 Rhc8 18. Nd2 Na4 19. Ne4 Bc6 20. Bb3 Bxe4+ 0-1

[Event "Mutxamel IM 2nd"]
[Site "Mutxamel"]
[Date "2020.09.01"]
[Round "3"]
[White "Nazarov, Alexander"]
[Black "Gavarrete, Nahun"]
[Result "0-1"]
[WhiteElo "1993"]
[BlackElo "2359"]
[PlyCount "76"]
[EventDate "2020.08.31"]
[EventType "tourn"]
[EventRounds "9"]
[EventCountry "ESP"]
[SourceTitle "CBM 198 Extra"]
[Source "ChessBase"]
[SourceDate "2020.11.30"]
[SourceVersion "1"]
[SourceVersionDate "2020.11.30"]
[SourceQuality "1"]

1. d4 Nf6 2. c4 g6 3. Nc3 Bg7 4. e4 0-0 5. Be3 c5 6. d5 d6 7. Be2 e6 8. h3 exd5 9. exd5 a6 10. Nf3 Re8 11. 0-0 Ne4 12. Nxe4 Rxe4 13. Bd3 Re8 14. Qc2 Nd7 15. Rab1 b5 16. b4 bxc4 17. Bxc4 cxb4 18. Rxb4 Nc5 19. Nd4 a5 20. Rbb1 Re4 21. Nc6 Qh4 22. Be2 Bf5 23. Qd2 Ra4 24. Bxc5 Bxb1 25. Rxb1 dxc5 26. d6 Bf6 27. Bf3 Rf8 28. Rd1 c4 29. Bd5 Ra3 30. Qe2 Rc3 31. d7 Qf4 32. g3 Qc7 33. Qe8 Rd3 34. Rxd3 cxd3 35. Bxf7+ Kg7 36. Ne7 d2 37. Bb3 Qd6 38. Nd5 Qxd5 0-1

[Event "Benidorm op U2000 17th"]
[Site "Benidorm"]
[Date "2018.12.08"]
[Round "10"]
[White "Ocana Lameiro, Oliver"]
[Black "Nazarov, Alexander"]
[Result "1-0"]
[WhiteElo "1995"]
[BlackElo "1948"]
[PlyCount "97"]
[EventDate "2018.11.30"]
[EventType "swiss"]
[EventRounds "10"]
[EventCountry "ESP"]
[SourceTitle "EXT 2022"]
[Source "ChessBase"]
[SourceDate "2021.10.06"]
[SourceVersion "1"]
[SourceVersionDate "2021.10.06"]
[SourceQuality "1"]

1. c4 Nf6 2. Nc3 g6 3. g3 Bg7 4. Bg2 0-0 5. Nf3 d6 6. 0-0 e5 7. d4 Nc6 8. dxe5 Nxe5 9. Nxe5 dxe5 10. Qxd8 Rxd8 11. Bg5 c6 12. Ne4 Nxe4 13. Bxd8 Be6 14. Ba5 Nd6 15. b3 Rc8 16. Rad1 b6 17. Bc3 Nb7 18. f4 exf4 19. Bxg7 Kxg7 20. Rxf4 a5 21. h4 h5 22. Kh2 Kf8 23. a3 Ke7 24. Bh3 Bxh3 25. Kxh3 Nc5 26. b4 axb4 27. axb4 Ne6 28. Rff1 Rc7 29. e4 Nf8 30. g4 hxg4+ 31. Kxg4 Ne6 32. e5 Nf8 33. Rd6 Ne6 34. Rf6 b5 35. c5 Rc8 36. Rdxe6+ fxe6 37. Rxg6 Rd8 38. Rg7+ Kf8 39. Rc7 Rd4+ 40. Kg5 Rxb4 41. h5 Rb1 42. Kf6 Rf1+ 43. Kxe6 b4 44. Rxc6 b3 45. Rb6 Rc1 46. h6 Kg8 47. Kd6 Rd1+ 48. Kc7 Re1 49. Rxb3 1-0

[Event "Benidorm op U2000 17th"]
[Site "Benidorm"]
[Date "2018.12.05"]
[Round "7"]
[White "Nazarov, Alexander"]
[Black "Esquerdo Nogueroles, Jaime"]
[Result "1-0"]
[WhiteElo "1948"]
[BlackElo "1781"]
[PlyCount "123"]
[EventDate "2018.11.30"]
[EventType "swiss"]
[EventRounds "10"]
[EventCountry "ESP"]
[SourceTitle "EXT 2022"]
[Source "ChessBase"]
[SourceDate "2021.10.06"]
[SourceVersion "1"]
[SourceVersionDate "2021.10.06"]
[SourceQuality "1"]

1. e4 c5 2. a3 e6 3. b4 cxb4 4. axb4 Bxb4 5. c3 Be7 6. d4 d5 7. e5 Nc6 8. Qg4 g6 9. Bd3 f5 10. Qe2 a6 11. Nf3 Na5 12. Qa2 b6 13. 0-0 Qc7 14. Bd2 Nc4 15. Bxc4 Qxc4 16. Qxc4 dxc4 17. Na3 Bxa3 18. Rxa3 Ne7 19. d5 Nxd5 20. Nd4 Bd7 21. Rfa1 a5 22. Rb1 Kf7 23. Kf1 Rhb8 24. Rba1 Ke8 25. Ke2 Kd8 26. Kd1 Rb7 27. Kc2 Rba7 28. Rb1 Kc7 29. Ra2 b5 30. Nxb5+ Bxb5 31. Rxb5 Kc6 32. Rb1 Rb7 33. Rba1 Rba7 34. g3 a4 35. Bc1 Nc7 36. Be3 Ra6 37. Rd1 Nb5 38. h4 h5 39. f3 Rb8 40. Rb1 Rba8 41. Rb4 Nc7 42. Rxc4+ Kd7 43. Rd4+ Ke7 44. c4 Rb8 45. Bg5+ Ke8 46. Rd6 Rc8 47. Kd3 Ra5 48. Kd4 a3 49. Bd2 Ra4 50. Kd3 Rb8 51. Kc3 Rbb4 52. Bg5 Rxc4+ 53. Kd3 Rcb4 54. Rd8+ Kf7 55. Rd7+ Ke8 56. Rxc7 Rb2 57. Rc2 Rb3+ 58. Ke2 Rab4 59. Bc1 Ra4 60. Bd2 Kd7 61. Rc3 Rb2 62. Raxa3 1-0

[Event "Calvia Amateur op 12th"]
[Site "Calvia"]
[Date "2015.10.18"]
[Round "9"]
[White "Nazarov, Alexander"]
[Black "Juan Mas, Santiago"]
[Result "1-0"]
[WhiteElo "1891"]
[BlackElo "1963"]
[PlyCount "67"]
[EventDate "2015.10.10"]
[EventType "swiss"]
[EventRounds "9"]
[EventCountry "ESP"]
[SourceTitle "EXT 2019"]
[Source "ChessBase"]
[SourceDate "2018.10.10"]
[SourceVersion "1"]
[SourceVersionDate "2018.10.10"]
[SourceQuality "1"]

1. d4 Nf6 2. Nf3 d6 3. c4 g6 4. Nc3 Bg7 5. e4 0-0 6. Be2 Bg4 7. h3 Bxf3 8. Bxf3 Nfd7 9. e5 Nc6 10. Bxc6 bxc6 11. exd6 cxd6 12. 0-0 e6 13. Rb1 a5 14. Bf4 Qe7 15. Re1 Rfd8 16. Qd2 Nf6 17. a3 Qa7 18. d5 cxd5 19. cxd5 e5 20. Be3 Qb7 21. b4 axb4 22. axb4 Rdc8 23. b5 Rc4 24. b6 Rac8 25. Nb5 Ne4 26. Qa5 Ra8 27. Na7 Nc5 28. Red1 e4 29. Qb5 Rc3 30. Qc6 Be5 31. Bxc5 Qb8 32. b7 Rxa7 33. Qc8+ Kg7 34. Qxb8 1-0

[Event "Benidorm op U2000 12th"]
[Site "Benidorm"]
[Date "2013.12.07"]
[Round "10"]
[White "Cardenas, Fernando Adrian"]
[Black "Nazarov, Alexander"]
[Result "0-1"]
[WhiteElo "1959"]
[BlackElo "1873"]
[PlyCount "44"]
[EventDate "2013.11.29"]
[EventType "swiss"]
[EventRounds "10"]
[EventCountry "ESP"]
[SourceTitle "CBM 157 Extra"]
[Source "ChessBase"]
[SourceDate "2013.12.19"]
[SourceVersion "1"]
[SourceVersionDate "2013.12.19"]
[SourceQuality "1"]

1. Nf3 d6 2. d4 f5 3. c4 Nf6 4. g3 g6 5. Bg2 Bg7 6. 0-0 0-0 7. Nc3 Nc6 8. d5 Na5 9. Qd3 c5 10. Ng5 h6 11. Ne6 Bxe6 12. dxe6 Rb8 13. e4 Ng4 14. exf5 gxf5 15. Bd5 Qe8 16. h3 Ne5 17. Qe2 Qg6 18. Kh2 Nec6 19. Bf4 Nd4 20. Qd3 Kh8 21. Rad1 Nac6 22. Nb5 Nb4 0-1